[Event "World Chess Olympiad 2018"]
[Site "Batumi"]
[Date "2018.09.24"]
[Round "1"]
[Board "2"]
[WhiteFideId "1007220"]
[White "Croes Octavio"]
[BlackFideId "7101589"]
[Black "Setyaki Azarya Jodi"]
[Result "0-1"]
[LiveChessVersion "1.4.8"]
[BlackElo "2316"]
[WhiteElo "1805"]

1. d4 {[%clk 1:30:54]} Nf6 {[%clk 1:30:47]} 2. Nf3 {[%clk 1:31:17]} g6
{[%clk 1:30:44]} 3. c4 {[%clk 1:31:38]} Bg7 {[%clk 1:30:59]} 4. Nc3
{[%clk 1:31:56]} d6 {[%clk 1:31:01]} 5. Bf4 {[%clk 1:32:17]} O-O {[%clk 1:28:13]}
6. e3 {[%clk 1:32:37]} Nbd7 {[%clk 1:22:58]} 7. Be2 {[%clk 1:32:50]} b6
{[%clk 1:20:57]} 8. h3 {[%clk 1:30:53]} Bb7 {[%clk 1:21:22]} 9. O-O
{[%clk 1:31:15]} Re8 {[%clk 1:19:27]} 10. Rc1 {[%clk 1:24:40]} e5
{[%clk 1:11:10]} 11. dxe5 {[%clk 1:24:53]} dxe5 {[%clk 1:11:21]} 12. Bh2
{[%clk 1:23:35]} Ne4 {[%clk 1:08:58]} 13. Nxe4 {[%clk 1:15:54]} Bxe4
{[%clk 1:09:22]} 14. b4 {[%clk 1:15:34]} c5 {[%clk 1:06:50]} 15. a3
{[%clk 1:12:58]} Qe7 {[%clk 1:00:51]} 16. Qb3 {[%clk 1:07:24]} a5
{[%clk 0:48:48]} 17. Nd2 {[%clk 1:00:44]} Bc6 {[%clk 0:47:30]} 18. b5
{[%clk 0:48:12]} Bb7 {[%clk 0:47:56]} 19. Bf3 {[%clk 0:47:41]} e4
{[%clk 0:46:40]} 20. Be2 {[%clk 0:43:59]} Be5 {[%clk 0:40:15]} 21. Qc2
{[%clk 0:38:11]} Bxh2+ {[%clk 0:39:14]} 22. Kxh2 {[%clk 0:38:33]} Rad8
{[%clk 0:33:34]} 23. Rcd1 {[%clk 0:37:50]} Qe5+ {[%clk 0:27:43]} 24. Kg1
{[%clk 0:37:55]} Qg5 {[%clk 0:24:49]} 25. Kh2 {[%clk 0:36:27]} h5
{[%clk 0:19:13]} 26. Rg1 {[%clk 0:28:42]} Ne5 {[%clk 0:18:36]} 27. Nb1
{[%clk 0:26:34]} Qh4 {[%clk 0:15:30]} 28. Rxd8 {[%clk 0:19:43]} Rxd8
{[%clk 0:15:55]} 29. Rd1 {[%clk 0:20:03]} Re8 {[%clk 0:12:19]} 30. Bf1
{[%clk 0:19:14]} Bc8 {[%clk 0:10:20]} 31. Rd6 {[%clk 0:17:06]} Bxh3
{[%clk 0:09:41]} 32. gxh3 {[%clk 0:16:58]} Nf3+ {[%clk 0:10:07]} 33. Kh1
{[%clk 0:16:33]} Qg5 {[%clk 0:10:32]} 34. Bg2 {[%clk 0:15:55]} Ne1
{[%clk 0:10:56]} 35. Qxe4 {[%clk 0:12:28]} Rxe4 {[%clk 0:11:21]} 36. Bxe4
{[%clk 0:12:47]} Qe7 {[%clk 0:11:30]} 37. Bxg6 {[%clk 0:11:04]} Qxd6
{[%clk 0:11:56]} 0-1

[Event "World Chess Olympiad 2018"]
[Site "Batumi"]
[Date "2018.09.24"]
[Round "1"]
[Board "3"]
[WhiteFideId "7103255"]
[White "Andyka Pitra"]
[BlackFideId "15900037"]
[Black "Pesqueira Jose"]
[Result "1-0"]
[LiveChessVersion "1.4.8"]
[BlackElo "1801"]
[WhiteElo "2274"]

1. e4 {[%clk 1:30:47]} e5 {[%clk 1:30:48]} 2. Nf3 {[%clk 1:30:50]} Nc6
{[%clk 1:31:09]} 3. Bb5 {[%clk 1:30:48]} Nf6 {[%clk 1:30:37]} 4. Qe2
{[%clk 1:29:10]} d6 {[%clk 1:27:59]} 5. c3 {[%clk 1:27:57]} Bd7 {[%clk 1:25:20]}
6. O-O {[%clk 1:25:36]} g6 {[%clk 1:15:45]} 7. d4 {[%clk 1:22:46]} Qe7
{[%clk 1:15:41]} 8. Bg5 {[%clk 1:18:49]} Bg7 {[%clk 1:10:56]} 9. Nbd2
{[%clk 1:13:53]} h6 {[%clk 1:08:59]} 10. Bh4 {[%clk 1:11:55]} g5 {[%clk 0:50:46]}
11. Bg3 {[%clk 1:11:37]} Nh5 {[%clk 0:47:26]} 12. dxe5 {[%clk 1:08:08]} Nxg3
{[%clk 0:38:53]} 13. hxg3 {[%clk 1:08:17]} dxe5 {[%clk 0:33:50]} 14. Nc4
{[%clk 1:06:19]} a6 {[%clk 0:23:19]} 15. Bxc6 {[%clk 1:06:22]} Bxc6
{[%clk 0:23:46]} 16. Na5 {[%clk 1:03:34]} Bb5 {[%clk 0:23:34]} 17. c4
{[%clk 1:03:25]} Bd7 {[%clk 0:23:58]} 18. Rfd1 {[%clk 0:55:01]} b6
{[%clk 0:23:00]} 19. Nb3 {[%clk 0:55:22]} c5 {[%clk 0:14:54]} 20. Nbd2
{[%clk 0:53:55]} O-O {[%clk 0:13:56]} 21. Nf1 {[%clk 0:52:52]} Be6
{[%clk 0:13:18]} 22. Ne3 {[%clk 0:52:47]} Rad8 {[%clk 0:10:26]} 23. g4
{[%clk 0:50:12]} Rxd1+ {[%clk 0:07:52]} 24. Rxd1 {[%clk 0:50:28]} Rd8
{[%clk 0:08:02]} 25. Nd5 {[%clk 0:48:43]} Bxd5 {[%clk 0:07:05]} 26. cxd5
{[%clk 0:48:44]} b5 {[%clk 0:04:15]} 27. Nh2 {[%clk 0:46:31]} c4 {[%clk 0:01:38]}
28. Nf1 {[%clk 0:46:25]} Qc5 {[%clk 0:01:19]} 29. Ne3 {[%clk 0:45:37]} Bf8
{[%clk 0:01:29]} 30. Nf5 {[%clk 0:40:51]} f6 {[%clk 0:01:32]} 31. Qf3
{[%clk 0:31:18]} Rd7 {[%clk 0:00:50]} 32. Ng3 {[%clk 0:25:41]} Rd6
{[%clk 0:01:09]} 33. Qf5 {[%clk 0:21:44]} Qc7 {[%clk 0:00:34]} 34. Qg6+
{[%clk 0:22:03]} Bg7 {[%clk 0:00:55]} 35. Nf5 {[%clk 0:21:55]} Rd7
{[%clk 0:01:07]} 36. d6 {[%clk 0:19:45]} Qd8 {[%clk 0:01:21]} 37. Nxh6+
{[%clk 0:19:52]} Kf8 {[%clk 0:01:34]} 38. Nf5 {[%clk 0:19:54]} Qe8
{[%clk 0:01:46]} 39. Qh7 {[%clk 0:20:18]} Qf7 {[%clk 0:01:23]} 40. Rd5
{[%clk 0:49:57]} Qg8 {[%clk 0:30:56]} 41. Qh3 {[%clk 0:50:06]} Kf7
{[%clk 0:26:05]} 42. Qh5+ {[%clk 0:49:39]} Kf8 {[%clk 0:16:37]} 43. Rc5
{[%clk 0:47:55]} 1-0

[Event "World Chess Olympiad 2018"]
[Site "Batumi"]
[Date "2018.09.24"]
[Round "1"]
[Board "4"]
[WhiteFideId "15900509"]
[White "Diaz Brian"]
[BlackFideId "7103735"]
[Black "Kurniawan Muhamad Agus"]
[Result "0-1"]
[LiveChessVersion "1.4.8"]
[BlackElo "2239"]
[WhiteElo "1737"]

1. c4 {[%clk 1:30:57]} d6 {[%clk 1:30:48]} 2. g3 {[%clk 1:31:01]} g6
{[%clk 1:30:04]} 3. Bg2 {[%clk 1:31:09]} Bg7 {[%clk 1:30:32]} 4. Nc3
{[%clk 1:31:04]} e5 {[%clk 1:30:51]} 5. e4 {[%clk 1:28:46]} Ne7 {[%clk 1:30:54]}
6. Nge2 {[%clk 1:29:00]} O-O {[%clk 1:30:58]} 7. O-O {[%clk 1:28:57]} Nbc6
{[%clk 1:29:51]} 8. d3 {[%clk 1:28:13]} f5 {[%clk 1:29:33]} 9. Rb1
{[%clk 1:24:11]} h6 {[%clk 1:26:46]} 10. f4 {[%clk 1:18:35]} Be6 {[%clk 1:24:16]}
11. Nd5 {[%clk 1:13:54]} Qd7 {[%clk 1:20:08]} 12. b4 {[%clk 1:11:12]} Nd8
{[%clk 1:13:02]} 13. Bb2 {[%clk 0:59:44]} c6 {[%clk 1:11:11]} 14. Nxe7+
{[%clk 0:53:01]} Qxe7 {[%clk 1:11:39]} 15. Qc2 {[%clk 0:52:56]} Rc8
{[%clk 1:01:58]} 16. fxe5 {[%clk 0:39:02]} dxe5 {[%clk 0:58:10]} 17. c5
{[%clk 0:38:48]} Nf7 {[%clk 0:51:42]} 18. d4 {[%clk 0:31:50]} fxe4
{[%clk 0:48:05]} 19. Bxe4 {[%clk 0:29:04]} Ng5 {[%clk 0:47:33]} 20. Bg2
{[%clk 0:21:51]} Bxa2 {[%clk 0:33:49]} 21. Rfe1 {[%clk 0:11:31]} Bxb1
{[%clk 0:34:00]} 22. Qxb1 {[%clk 0:11:55]} e4 {[%clk 0:30:46]} 23. Nf4
{[%clk 0:11:17]} Qf7 {[%clk 0:31:09]} 24. Rxe4 {[%clk 0:09:30]} Rce8
{[%clk 0:29:25]} 25. Rxe8 {[%clk 0:07:47]} Qxe8 {[%clk 0:26:32]} 26. h4
{[%clk 0:03:44]} Qe3+ {[%clk 0:26:22]} 27. Kh2 {[%clk 0:02:35]} Rxf4
{[%clk 0:25:17]} 28. gxf4 {[%clk 0:02:47]} Qxf4+ {[%clk 0:25:45]} 29. Kg1
{[%clk 0:02:43]} Bxd4+ {[%clk 0:26:07]} 30. Bxd4 {[%clk 0:02:56]} Qxd4+
{[%clk 0:26:36]} 31. Kf1 {[%clk 0:02:42]} Qf6+ {[%clk 0:26:19]} 32. Ke2
{[%clk 0:02:58]} Ne6 {[%clk 0:26:43]} 33. Qa2 {[%clk 0:01:03]} a6
{[%clk 0:25:54]} 34. Qc4 {[%clk 0:00:37]} Kg7 {[%clk 0:26:19]} 35. Ke3
{[%clk 0:00:35]} Qe5+ {[%clk 0:26:26]} 36. Be4 {[%clk 0:00:33]} Nf4
{[%clk 0:26:11]} 37. Qc2 {[%clk 0:00:32]} Nd5+ {[%clk 0:26:27]} 38. Kd2
{[%clk 0:00:33]} Qf4+ {[%clk 0:25:20]} 39. Ke1 {[%clk 0:00:31]} Qxh4+ 0-1

[Event "World Chess Olympiad 2018"]
[Site "Batumi"]
[Date "2018.09.24"]
[Round "1"]
[Board "1"]
[WhiteFideId "14700077"]
[White "Amonatov Farrukh"]
[BlackFideId "21300020"]
[Black "Klaas Tokelo"]
[Result "1-0"]
[LiveChessVersion "1.4.8"]
[BlackElo "1827"]
[WhiteElo "2615"]

1. e4 {[%clk 1:30:58]} c5 {[%clk 1:29:41]} 2. Nf3 {[%clk 1:31:19]} d6
{[%clk 1:29:17]} 3. d4 {[%clk 1:31:42]} cxd4 {[%clk 1:29:24]} 4. Nxd4
{[%clk 1:32:02]} Nf6 {[%clk 1:29:32]} 5. Nc3 {[%clk 1:32:28]} a6 {[%clk 1:29:53]}
6. h3 {[%clk 1:32:50]} g6 {[%clk 1:28:56]} 7. g4 {[%clk 1:33:09]} h6
{[%clk 1:28:30]} 8. Be3 {[%clk 1:33:32]} Bg7 {[%clk 1:28:40]} 9. Qd2
{[%clk 1:33:57]} b5 {[%clk 1:28:04]} 10. Bg2 {[%clk 1:28:44]} Bb7
{[%clk 1:26:58]} 11. f4 {[%clk 1:27:18]} Qc7 {[%clk 1:21:31]} 12. O-O-O
{[%clk 1:21:55]} Nbd7 {[%clk 1:20:17]} 13. Rhe1 {[%clk 1:17:51]} O-O
{[%clk 1:14:51]} 14. f5 {[%clk 1:12:22]} g5 {[%clk 1:07:03]} 15. h4
{[%clk 1:11:15]} Nxg4 {[%clk 1:00:15]} 16. hxg5 {[%clk 1:11:00]} Nxe3
{[%clk 0:59:37]} 17. Qxe3 {[%clk 1:10:42]} Be5 {[%clk 0:48:46]} 18. Rh1
{[%clk 1:07:08]} d5 {[%clk 0:43:00]} 19. Nce2 {[%clk 1:05:59]} dxe4
{[%clk 0:31:54]} 20. Rxh6 {[%clk 1:02:22]} Bg7 {[%clk 0:28:53]} 21. Rh4
{[%clk 1:00:58]} Qe5 {[%clk 0:27:51]} 22. Rdh1 {[%clk 0:57:56]} Rfc8
{[%clk 0:27:30]} 23. Qh3 {[%clk 0:56:57]} Rc4 {[%clk 0:25:55]} 24. Kb1
{[%clk 0:56:26]} Rxd4 {[%clk 0:17:36]} 25. Nxd4 {[%clk 0:56:24]} Qxd4
{[%clk 0:14:20]} 26. f6 {[%clk 0:53:26]} Bxf6 {[%clk 0:10:22]} 27. gxf6
{[%clk 0:53:47]} 1-0

[Event "World Chess Olympiad 2018"]
[Site "Batumi"]
[Date "2018.09.24"]
[Round "1"]
[Board "2"]
[WhiteFideId "14317176"]
[White "Khalema Sechaba"]
[BlackFideId "14700247"]
[Black "Khusenkhojaev Muhammad"]
[Result "0-1"]
[LiveChessVersion "1.4.8"]
[BlackElo "2430"]
[WhiteElo "1779"]

1. d4 {[%clk 1:30:48]} Nf6 {[%clk 1:29:58]} 2. c4 {[%clk 1:24:58]} g6
{[%clk 1:30:22]} 3. Nc3 {[%clk 1:19:15]} d5 {[%clk 1:30:26]} 4. cxd5
{[%clk 1:19:25]} Nxd5 {[%clk 1:30:49]} 5. e4 {[%clk 1:19:48]} Nxc3
{[%clk 1:31:13]} 6. bxc3 {[%clk 1:20:13]} Bg7 {[%clk 1:31:35]} 7. Bc4
{[%clk 1:18:04]} c5 {[%clk 1:31:41]} 8. Ne2 {[%clk 1:18:26]} Nc6 {[%clk 1:31:57]}
9. Be3 {[%clk 1:18:42]} O-O {[%clk 1:32:12]} 10. O-O {[%clk 1:17:41]} Bg4
{[%clk 1:32:26]} 11. f3 {[%clk 1:10:23]} Bd7 {[%clk 1:32:43]} 12. Rb1
{[%clk 1:08:01]} Qc7 {[%clk 1:32:33]} 13. Qd2 {[%clk 0:57:46]} Rad8
{[%clk 1:29:14]} 14. Rfc1 {[%clk 0:55:42]} Bc8 {[%clk 1:21:57]} 15. Qb2
{[%clk 0:53:41]} Na5 {[%clk 1:19:31]} 16. Bd3 {[%clk 0:53:45]} e6
{[%clk 1:17:56]} 17. e5 {[%clk 0:51:22]} Bxe5 {[%clk 1:13:51]} 18. dxe5
{[%clk 0:50:44]} Rxd3 {[%clk 1:14:15]} 19. Bh6 {[%clk 0:50:50]} Rfd8
{[%clk 1:13:49]} 20. c4 {[%clk 0:51:05]} b6 {[%clk 1:13:13]} 21. Bg5
{[%clk 0:51:15]} R8d7 {[%clk 1:12:50]} 22. Ng3 {[%clk 0:46:56]} Bb7
{[%clk 1:11:58]} 23. h4 {[%clk 0:44:40]} f5 {[%clk 1:10:27]} 24. Ne2
{[%clk 0:44:50]} Kf7 {[%clk 1:09:33]} 25. h5 {[%clk 0:41:57]} Nc6
{[%clk 1:07:57]} 26. hxg6+ {[%clk 0:41:47]} hxg6 {[%clk 1:08:18]} 27. Re1
{[%clk 0:39:25]} Qxe5 {[%clk 1:03:34]} 28. Qxe5 {[%clk 0:39:30]} Nxe5
{[%clk 1:03:59]} 29. Nf4 {[%clk 0:39:52]} Nxf3+ {[%clk 1:02:06]} 30. gxf3
{[%clk 0:40:09]} Rxf3 {[%clk 1:02:22]} 31. Nxe6 {[%clk 0:40:22]} Be4
{[%clk 1:01:50]} 32. Nd8+ {[%clk 0:40:41]} Kg8 {[%clk 1:00:04]} 33. Rb3
{[%clk 0:41:04]} Rdd3 {[%clk 0:57:25]} 34. Rxd3 {[%clk 0:41:03]} Rxd3
{[%clk 0:57:52]} 35. Bf6 {[%clk 0:40:04]} Kf8 {[%clk 0:55:26]} 36. Re2
{[%clk 0:40:16]} Ke8 {[%clk 0:54:34]} 37. Kf2 {[%clk 0:40:21]} Rxd8
{[%clk 0:47:08]} 38. Bxd8 {[%clk 0:39:21]} Kxd8 {[%clk 0:47:32]} 39. Ke3
{[%clk 0:39:30]} Ke7 {[%clk 0:47:54]} 40. Rh2 {[%clk 1:09:44]} Kf6
{[%clk 1:18:02]} 41. Rh7 {[%clk 1:09:55]} a5 {[%clk 1:18:01]} 42. Ra7
{[%clk 1:10:10]} g5 {[%clk 1:18:19]} 43. Ra6 {[%clk 1:10:32]} Ke5
{[%clk 1:18:43]} 44. Rxb6 {[%clk 1:10:53]} f4+ {[%clk 1:19:04]} 45. Kf2
{[%clk 1:11:01]} g4 {[%clk 1:19:24]} 46. Rb8 {[%clk 1:10:21]} g3+
{[%clk 1:14:47]} 47. Kg1 {[%clk 1:10:10]} f3 {[%clk 1:15:09]} 0-1

[Event "World Chess Olympiad 2018"]
[Site "Batumi"]
[Date "2018.09.24"]
[Round "1"]
[Board "3"]
[WhiteFideId "14700727"]
[White "Khusenkhojaev Mustafokhuja"]
[BlackFideId "21300550"]
[Black "Theko Khanyapa"]
[Result "1-0"]
[LiveChessVersion "1.4.8"]
[BlackElo "1655"]
[WhiteElo "2229"]

1. d4 {[%clk 1:30:55]} f5 {[%clk 1:29:39]} 2. c4 {[%clk 1:31:02]} Nf6
{[%clk 1:29:58]} 3. Nf3 {[%clk 1:31:19]} e6 {[%clk 1:30:15]} 4. g3
{[%clk 1:31:33]} Be7 {[%clk 1:30:32]} 5. Bg2 {[%clk 1:31:51]} O-O
{[%clk 1:30:42]} 6. O-O {[%clk 1:31:33]} Ne4 {[%clk 1:30:18]} 7. Qc2
{[%clk 1:30:45]} c5 {[%clk 1:29:58]} 8. d5 {[%clk 1:29:35]} exd5 {[%clk 1:28:01]}
9. cxd5 {[%clk 1:29:58]} d6 {[%clk 1:28:18]} 10. Nbd2 {[%clk 1:26:39]} Nxd2
{[%clk 1:24:42]} 11. Bxd2 {[%clk 1:26:27]} Nd7 {[%clk 1:24:35]} 12. Rad1
{[%clk 1:23:32]} b5 {[%clk 1:22:07]} 13. e4 {[%clk 1:16:01]} fxe4
{[%clk 1:21:15]} 14. Qxe4 {[%clk 1:16:19]} Nf6 {[%clk 1:21:03]} 15. Qe2
{[%clk 1:16:10]} Rb8 {[%clk 1:18:39]} 16. Ng5 {[%clk 1:11:08]} Re8
{[%clk 1:03:22]} 17. Ne6 {[%clk 1:07:08]} Qb6 {[%clk 1:00:17]} 18. Rfe1
{[%clk 1:04:54]} b4 {[%clk 0:59:29]} 19. Bg5 {[%clk 1:02:33]} Qa6
{[%clk 0:58:30]} 20. Qxa6 {[%clk 1:02:49]} Bxa6 {[%clk 0:57:37]} 21. Nc7
{[%clk 1:03:03]} Bb5 {[%clk 0:55:51]} 22. Nxe8 {[%clk 1:01:31]} Bxe8
{[%clk 0:55:51]} 23. Rxe7 {[%clk 1:01:53]} a5 {[%clk 0:44:01]} 24. Bxf6
{[%clk 1:01:51]} gxf6 {[%clk 0:43:56]} 25. Be4 {[%clk 1:02:13]} Bg6
{[%clk 0:42:32]} 26. Bxg6 {[%clk 1:02:35]} hxg6 {[%clk 0:42:53]} 27. Rde1
{[%clk 1:02:57]} Kf8 {[%clk 0:43:13]} 28. Rh7 {[%clk 1:03:21]} Kg8
{[%clk 0:09:39]} 29. Ree7 {[%clk 1:03:44]} a4 {[%clk 0:09:50]} 30. Reg7+
{[%clk 1:04:06]} Kf8 {[%clk 0:09:38]} 31. Rxg6 {[%clk 1:04:23]} a3
{[%clk 0:09:38]} 32. bxa3 {[%clk 1:04:41]} bxa3 {[%clk 0:09:37]} 33. Rh8+
{[%clk 1:05:05]} Kf7 {[%clk 0:10:03]} 34. Rxf6+ {[%clk 1:05:28]} Kxf6
{[%clk 0:09:53]} 35. Rxb8 {[%clk 1:05:52]} Ke5 {[%clk 0:09:53]} 36. h4
{[%clk 1:06:13]} Kxd5 {[%clk 0:08:22]} 37. h5 {[%clk 1:06:36]} c4
{[%clk 0:05:40]} 38. h6 {[%clk 1:07:02]} c3 {[%clk 0:05:11]} 39. h7
{[%clk 1:07:25]} c2 {[%clk 0:05:22]} 40. Rc8 {[%clk 1:37:50]} 1-0

[Event "World Chess Olympiad 2018"]
[Site "Batumi"]
[Date "2018.09.24"]
[Round "1"]
[Board "4"]
[WhiteFideId "14317281"]
[White "Lekau Ramokotjo"]
[BlackFideId "14700859"]
[Black "Kabilov Amin"]
[Result "0-1"]
[LiveChessVersion "1.4.8"]
[BlackElo "2178"]
[WhiteElo "1627"]

1. e4 {[%clk 1:29:49]} c5 {[%clk 1:30:45]} 2. Nf3 {[%clk 1:29:12]} d6
{[%clk 1:30:55]} 3. g3 {[%clk 1:29:24]} Nf6 {[%clk 1:28:07]} 4. Nc3
{[%clk 1:28:35]} g6 {[%clk 1:27:34]} 5. Bg2 {[%clk 1:27:26]} Bg7 {[%clk 1:27:54]}
6. O-O {[%clk 1:24:00]} O-O {[%clk 1:28:09]} 7. d3 {[%clk 1:21:27]} Nc6
{[%clk 1:28:20]} 8. Ne2 {[%clk 1:20:08]} Rb8 {[%clk 1:23:26]} 9. a4
{[%clk 1:17:30]} d5 {[%clk 1:20:43]} 10. Nd2 {[%clk 1:13:55]} dxe4
{[%clk 1:19:46]} 11. Nxe4 {[%clk 1:12:58]} Nxe4 {[%clk 1:17:42]} 12. Bxe4
{[%clk 1:09:29]} Bg4 {[%clk 1:17:08]} 13. Bg2 {[%clk 1:06:06]} c4
{[%clk 1:14:58]} 14. h3 {[%clk 0:59:43]} Bf5 {[%clk 1:13:31]} 15. g4
{[%clk 0:57:38]} cxd3 {[%clk 1:12:34]} 16. gxf5 {[%clk 0:56:47]} dxe2
{[%clk 1:12:44]} 17. Qxe2 {[%clk 0:55:37]} Nd4 {[%clk 1:13:02]} 18. Qd3
{[%clk 0:50:16]} Nxf5 {[%clk 1:12:49]} 19. Qxd8 {[%clk 0:41:53]} Rfxd8
{[%clk 1:07:42]} 20. Bf4 {[%clk 0:38:53]} Rbc8 {[%clk 1:06:03]} 21. c3
{[%clk 0:34:11]} Rc4 {[%clk 0:57:05]} 22. Bh2 {[%clk 0:29:19]} Rd2
{[%clk 0:44:09]} 23. Rfb1 {[%clk 0:26:29]} Bh6 {[%clk 0:38:49]} 24. Bf1
{[%clk 0:11:43]} Re4 {[%clk 0:37:50]} 25. Rd1 {[%clk 0:09:52]} Rxb2
{[%clk 0:29:01]} 26. Rd8+ {[%clk 0:09:58]} Kg7 {[%clk 0:28:59]} 27. Bd3
{[%clk 0:09:32]} Rh4 {[%clk 0:27:42]} 28. Bxf5 {[%clk 0:08:53]} gxf5
{[%clk 0:27:45]} 29. Kg2 {[%clk 0:07:07]} Bf4 {[%clk 0:27:38]} 30. Bg3
{[%clk 0:07:03]} Bxg3 {[%clk 0:28:01]} 31. Kxg3 {[%clk 0:07:24]} Rc4
{[%clk 0:28:24]} 32. Rd3 {[%clk 0:06:30]} Rb3 0-1

[Event "World Chess Olympiad 2018"]
[Site "Batumi"]
[Date "2018.09.24"]
[Round "1"]
[Board "1"]
[WhiteFideId "10400222"]
[White "Karelina Polina"]
[BlackFideId "13002783"]
[Black "Wynn Zaw Htun"]
[Result "0-1"]
[LiveChessVersion "1.4.8"]
[BlackElo "2473"]
[WhiteElo "1631"]

1. e4 {[%clk 1:30:55]} c5 {[%clk 1:30:43]} 2. Nc3 {[%clk 1:31:03]} d6
{[%clk 1:30:45]} 3. f4 {[%clk 1:30:47]} g6 {[%clk 1:30:44]} 4. Nf3
{[%clk 1:30:44]} Bg7 {[%clk 1:31:07]} 5. Bc4 {[%clk 1:30:10]} Nc6
{[%clk 1:31:11]} 6. d3 {[%clk 1:29:43]} e6 {[%clk 1:27:05]} 7. O-O
{[%clk 1:29:29]} Nf6 {[%clk 1:24:34]} 8. Qe1 {[%clk 1:24:21]} O-O
{[%clk 1:24:50]} 9. a3 {[%clk 1:22:17]} d5 {[%clk 1:22:45]} 10. Ba2
{[%clk 1:21:11]} Nd4 {[%clk 1:15:03]} 11. Nxd4 {[%clk 1:14:19]} cxd4
{[%clk 1:15:27]} 12. Nd1 {[%clk 1:13:34]} dxe4 {[%clk 1:11:08]} 13. dxe4
{[%clk 1:13:42]} b5 {[%clk 1:05:57]} 14. Bd2 {[%clk 1:11:56]} Bb7
{[%clk 1:02:09]} 15. Nf2 {[%clk 1:05:56]} Qb6 {[%clk 0:55:49]} 16. Kh1
{[%clk 1:04:54]} Qc6 {[%clk 0:54:16]} 17. c3 {[%clk 1:00:25]} Nxe4
{[%clk 0:52:26]} 18. Nxe4 {[%clk 1:00:04]} Qxe4 {[%clk 0:51:58]} 19. Qxe4
{[%clk 0:58:42]} Bxe4 {[%clk 0:52:24]} 20. Rfe1 {[%clk 0:55:59]} Bb7
{[%clk 0:51:54]} 21. cxd4 {[%clk 0:52:17]} Bxd4 {[%clk 0:52:18]} 22. Rab1
{[%clk 0:52:16]} Rfd8 {[%clk 0:49:01]} 23. Ba5 {[%clk 0:50:06]} Bb6
{[%clk 0:37:11]} 24. Bxb6 {[%clk 0:49:25]} axb6 {[%clk 0:36:37]} 25. Re2
{[%clk 0:49:27]} b4 {[%clk 0:36:14]} 26. h3 {[%clk 0:44:48]} Rd3 {[%clk 0:34:49]}
27. Kh2 {[%clk 0:43:39]} b3 {[%clk 0:35:08]} 0-1

[Event "World Chess Olympiad 2018"]
[Site "Batumi"]
[Date "2018.09.24"]
[Round "1"]
[Board "2"]
[WhiteFideId "13000110"]
[White "Nay Oo Kyaw Tun"]
[BlackFideId "10400583"]
[Black "Moncur Cecil"]
[Result "1-0"]
[LiveChessVersion "1.4.8"]
[BlackElo "1873"]
[WhiteElo "2389"]

1. d4 {[%clk 1:30:56]} g6 {[%clk 1:30:43]} 2. e4 {[%clk 1:30:30]} Bg7
{[%clk 1:31:03]} 3. Nc3 {[%clk 1:30:44]} c6 {[%clk 1:31:18]} 4. Bc4
{[%clk 1:23:55]} d5 {[%clk 1:29:34]} 5. exd5 {[%clk 1:21:53]} b5 {[%clk 1:30:00]}
6. Bb3 {[%clk 1:19:11]} b4 {[%clk 1:30:26]} 7. Nce2 {[%clk 1:18:21]} cxd5
{[%clk 1:30:31]} 8. a3 {[%clk 1:16:44]} bxa3 {[%clk 1:30:19]} 9. Rxa3
{[%clk 1:17:01]} Nf6 {[%clk 1:29:04]} 10. Nf3 {[%clk 1:15:08]} O-O
{[%clk 1:28:03]} 11. O-O {[%clk 1:13:29]} Bg4 {[%clk 1:24:18]} 12. Ne5
{[%clk 1:12:24]} Bxe2 {[%clk 1:24:36]} 13. Qxe2 {[%clk 1:12:45]} e6
{[%clk 1:20:57]} 14. Bg5 {[%clk 1:08:02]} Qc7 {[%clk 1:19:23]} 15. h3
{[%clk 1:01:34]} Nbd7 {[%clk 1:14:11]} 16. Nxd7 {[%clk 0:54:37]} Nxd7
{[%clk 1:13:01]} 17. Be3 {[%clk 0:47:58]} Nb6 {[%clk 1:03:41]} 18. Rfa1
{[%clk 0:46:18]} Rfc8 {[%clk 0:59:03]} 19. Ra6 {[%clk 0:43:27]} Nc4
{[%clk 0:56:31]} 20. Bxc4 {[%clk 0:41:23]} dxc4 {[%clk 0:52:19]} 21. c3
{[%clk 0:40:03]} Rcb8 {[%clk 0:48:18]} 22. R1a2 {[%clk 0:37:21]} Rb7
{[%clk 0:47:41]} 23. Qf3 {[%clk 0:31:02]} Qd7 {[%clk 0:42:05]} 24. Qc6
{[%clk 0:27:16]} Qd5 {[%clk 0:35:29]} 25. Qxd5 {[%clk 0:23:52]} exd5
{[%clk 0:35:43]} 26. Rd6 {[%clk 0:24:16]} Rb5 {[%clk 0:35:35]} 27. Rxa7
{[%clk 0:23:48]} Rf8 {[%clk 0:30:44]} 28. Bc1 {[%clk 0:21:16]} h5
{[%clk 0:29:50]} 29. Rdd7 {[%clk 0:19:20]} Re8 {[%clk 0:25:03]} 30. Kf1
{[%clk 0:17:38]} Rb6 {[%clk 0:19:36]} 31. Rxf7 {[%clk 0:13:19]} Bf8
{[%clk 0:19:49]} 32. g3 {[%clk 0:11:54]} Rbe6 {[%clk 0:19:09]} 33. Kg2
{[%clk 0:10:30]} Re2 {[%clk 0:15:13]} 34. Rf6 {[%clk 0:09:46]} Rc2
{[%clk 0:13:58]} 35. Rxg6+ {[%clk 0:09:32]} Kh8 {[%clk 0:13:53]} 36. Bg5
{[%clk 0:07:49]} Ree2 {[%clk 0:08:00]} 37. Bf6+ {[%clk 0:07:51]} Bg7
{[%clk 0:08:04]} 38. Rh6+ {[%clk 0:08:16]} 1-0

[Event "World Chess Olympiad 2018"]
[Site "Batumi"]
[Date "2018.09.24"]
[Round "1"]
[Board "3"]
[WhiteFideId "10400125"]
[White "Whyms Chappell"]
[BlackFideId "13000071"]
[Black "Myo Naing"]
[Result "0-1"]
[LiveChessVersion "1.4.8"]
[BlackElo "2327"]
[WhiteElo "1595"]

1. d4 {[%clk 1:30:46]} Nf6 {[%clk 1:30:36]} 2. c4 {[%clk 1:30:43]} g6
{[%clk 1:30:46]} 3. Nc3 {[%clk 1:30:41]} Bg7 {[%clk 1:30:52]} 4. e4
{[%clk 1:30:49]} d6 {[%clk 1:31:15]} 5. f4 {[%clk 1:30:45]} O-O {[%clk 1:31:37]}
6. Nf3 {[%clk 1:31:00]} c5 {[%clk 1:31:58]} 7. dxc5 {[%clk 1:30:32]} Qa5
{[%clk 1:32:03]} 8. Bd3 {[%clk 1:30:21]} Qxc5 {[%clk 1:32:23]} 9. Qe2
{[%clk 1:30:15]} Nc6 {[%clk 1:31:39]} 10. Be3 {[%clk 1:24:27]} Qa5
{[%clk 1:31:06]} 11. O-O {[%clk 1:20:01]} Bg4 {[%clk 1:29:35]} 12. h3
{[%clk 1:16:46]} Bxf3 {[%clk 1:29:35]} 13. Rxf3 Nd7 {[%clk 1:28:10]} 14. Qd2
{[%clk 0:58:13]} Rad8 {[%clk 1:25:39]} 15. Rb1 {[%clk 0:56:24]} e6
{[%clk 1:22:17]} 16. a3 {[%clk 0:44:03]} a6 {[%clk 1:21:14]} 17. Ne2
{[%clk 0:38:55]} Qc7 {[%clk 1:20:32]} 18. b4 {[%clk 0:38:18]} Nf6
{[%clk 1:17:29]} 19. b5 {[%clk 0:38:08]} axb5 {[%clk 1:17:11]} 20. cxb5
{[%clk 0:36:43]} Ne7 {[%clk 1:17:24]} 21. a4 {[%clk 0:36:16]} Ra8
{[%clk 1:14:45]} 22. b6 {[%clk 0:32:43]} Qc6 {[%clk 1:12:30]} 23. Nc3
{[%clk 0:27:15]} Ng4 {[%clk 1:11:16]} 24. Bb5 {[%clk 0:25:06]} Bxc3
{[%clk 1:09:36]} 25. Qc2 {[%clk 0:24:00]} Nxe3 {[%clk 1:05:56]} 26. Bxc6
{[%clk 0:20:34]} Nxc2 {[%clk 1:06:17]} 27. Rxc3 {[%clk 0:20:32]} Nxc6
{[%clk 1:06:40]} 28. Rxc6 {[%clk 0:08:12]} bxc6 {[%clk 1:06:56]} 29. b7
{[%clk 0:08:16]} Rxa4 {[%clk 1:05:15]} 30. b8=Q {[%clk 0:08:33]} Rxb8
{[%clk 1:05:38]} 31. Rxb8+ {[%clk 0:08:54]} Kg7 {[%clk 1:06:03]} 32. Rd8
{[%clk 0:09:17]} d5 {[%clk 1:06:21]} 33. exd5 {[%clk 0:06:17]} cxd5
{[%clk 1:06:49]} 34. g3 {[%clk 0:06:31]} Nd4 {[%clk 1:07:09]} 35. Kf2
{[%clk 0:06:21]} Ra2+ {[%clk 1:07:34]} 36. Ke3 {[%clk 0:06:10]} Nf5+
{[%clk 1:08:03]} 0-1